000 00526nam a2200181Ia 4500
001 25265
005 20260414151138.0
008 260414t2010||||xx |||||||||||||| ||spa||
041 _aESP
082 _a346.43
_bG312
100 _aGaceta Jurídica
_eAUT
245 0 _aJurisprudencia registral sobre personas naturales :
_bmandatos y poderes, régimen patrimonial de matrimonio y sucesiones 2009-2010
260 _c2010
300 _a478 páginas :
_c24 cm.
650 _aDER
654 _aCDE
942 _cLIB
_dJUS
_fJUS
_2ddc
_n
999 _c25265
_d25265